Forestry english : ភាសាអង់គ្លេសព្រៃឈើ (Record no. 10179)
[ view plain ]
| 000 -LEADER | |
|---|---|
| fixed length control field | 00337nam a22001217a 4500 |
| 040 ## - CATALOGING SOURCE | |
| Transcribing agency | HS |
| 082 ## - DEWEY DECIMAL CLASSIFICATION NUMBER | |
| Classification number | 634 |
| 100 ## - MAIN ENTRY--AUTHOR NAME | |
| Personal name | វន មុនិន្ទ |
| 245 ## - TITLE STATEMENT | |
| Title | Forestry english : ភាសាអង់គ្លេសព្រៃឈើ |
| 260 ## - PUBLICATION, DISTRIBUTION, ETC. (IMPRINT) | |
| Place of publication | RUA |
| Name of publisher | វន មុនិន្ទ |
| Year of publication | 2008 |
| 300 ## - PHYSICAL DESCRIPTION | |
| Number of Pages | 23p; |
| 942 ## - ADDED ENTRY ELEMENTS (KOHA) | |
| Koha item type | សៀវភៅភាសាខ្មែរ |
| 952 ## - LOCATION AND ITEM INFORMATION (KOHA) | |
| Withdrawn status [LOCAL, KOHA] | 0 |
| 952 ## - LOCATION AND ITEM INFORMATION (KOHA) | |
| Withdrawn status [LOCAL, KOHA] | 0 |
| Permanent Location | Date acquired | Koha item type | Lost status | Shelving location | Barcode | Current Location | Full call number |
|---|---|---|---|---|---|---|---|
| Library Block C | 2016-09-21 | សៀវភៅភាសាខ្មែរ | C016 | RUA061508 | Library Block C | 634 វន 2008 C016 Or | |
| Library Block C | 2016-09-21 | សៀវភៅភាសាខ្មែរ | RUA055957 | Library Block C | 634 វន 2008 |